[Event "Interzonal-12c"]
[Site "Moscow"]
[Date "1982.09.11"]
[Round "4"]
[White "Tal, Mihail"]
[Black "Van der Wiel, John"]
[Result "1-0"]
[WhiteElo "2605"]
[BlackElo "2470"]
[Annotator "Ftacnik,L"]
[PlyCount "43"]
[EventDate "1982.09.07"]
[EventType "tourn"]
[EventRounds "13"]
[EventCountry "URS"]
[EventCategory "12"]
[SourceTitle "IZT"]
[Source "ChessBase"]
[SourceDate "1999.07.01"]
[SourceVersion "1"]
[SourceVersionDate "1999.07.01"]
[SourceQuality "1"]

1. c4 Nf6 2. Nc3 e6 3. Nf3 b6 4. e4 Bb7 5. Bd3 c5 6. O-O Nc6 7. e5 Ng4 8. Be4
Qc8 (8... f5 $142 9. exf6 Nxf6 $13) 9. d3 $1 Ngxe5 (9... f5 $5 10. exf6 Nxf6
11. Bf4 Be7 12. Nb5 (12. Ne5 O-O 13. Nxc6 Bxc6 14. Bxc6 Qxc6 $10) 12... O-O 13.
Bd6 Bxd6 (13... Qd8 $5 $13) 14. Nxd6 Qc7 15. Nxb7 Qxb7 $6 (15... Nxe4 $10) 16.
Bxc6 Qxc6 17. d4 Rac8 18. b3 $14 {Stohl,I-Salov,V,Groningen 1982}) 10. Nxe5
Nxe5 11. f4 Nc6 $6 (11... Bxe4 $5 12. Nxe4 Nc6 13. f5 Be7 $13) 12. f5 g6 $6 (
12... Nd4) (12... Be7 $5 $13 {Tal}) 13. Bg5 gxf5 14. Bxf5 $1 $40 Be7 (14...
exf5 $142 15. Qe2+ Ne7 16. Rae1 Rg8 17. Bxe7 Rxg2+ 18. Qxg2 Bxg2 19. Bh4+ Be4
20. Nxe4 fxe4 21. Rxe4+ $16 {Tal}) 15. Qh5 $18 Bxg5 (15... exf5 16. Rae1 Kd8
17. Nd5 $18) 16. Qxg5 Ne7 (16... exf5 17. Rae1+ Kf8 18. Qh6+ Kg8 19. Nd5 $18)
17. Be4 {/\Nb5} Bxe4 18. Nxe4 Qc6 19. Rxf7 $1 Kxf7 20. Qf6+ Kg8 21. Qxe7 Rf8
22. Rf1 $1 1-0

[Event "Interpolis-01"]
[Site "Tilburg"]
[Date "1977.09.24"]
[Round "2"]
[White "Hort, Vlastimil"]
[Black "Sosonko, Gennadi"]
[Result "1-0"]
[WhiteElo "2620"]
[BlackElo "2530"]
[Annotator "Ftacnik,L"]
[PlyCount "105"]
[EventDate "1977.09.23"]
[EventType "tourn"]
[EventRounds "11"]
[EventCountry "NED"]
[EventCategory "14"]
[SourceTitle "MCL"]
[Source "ChessBase"]
[SourceDate "1999.07.01"]
[SourceVersion "1"]
[SourceVersionDate "1999.07.01"]
[SourceQuality "1"]

1. c4 Nf6 2. Nf3 e6 3. Nc3 Bb4 4. Qc2 O-O (4... c5) 5. e4 $5 e5 (5... d5 6. e5
Ne8 7. d4 $14) (5... c5 6. e5 Ne8 7. a3 Ba5 8. d4 $14) 6. a3 Bxc3 7. dxc3 b6 $6
(7... d6) 8. Bg5 d6 9. Be2 Bb7 10. Nd2 {/\ Nf1-e3} Nbd7 11. f3 Nc5 12. Nf1 $1
Ne6 (12... h6 13. Bh4 g5 14. Bf2 Nfxe4 15. fxe4 Bxe4 16. Qd1 Bxg2 17. Rg1 $40)
13. Bh4 Nf4 14. Ne3 Ng6 (14... Ng4 $6 15. Bxd8 (15. fxg4 $1 Qxh4+ 16. g3 Qh3
17. Bf1 $18) 15... Nxe3 16. Qd2 Nexg2+ 17. Kf2 Raxd8 18. h4 Nxe2 19. Kxg2 Nf4+
{/\ f5~/= Hort}) (14... Nxe2 15. Qxe2 {/\ Ng4+/-}) 15. Bf2 {/\ 16.g3 פg6} Nf4
16. Bf1 a5 17. a4 Bc8 18. h4 $1 Qe8 19. O-O-O $6 (19. Rd1 $142 {/\ later
Kh1->>>,-><<}) 19... Nd7 $1 20. g3 Ne6 21. h5 $6 Ndc5 (21... h6 $142) 22. b3
Rb8 23. Be2 Ng5 (23... h6 $142 24. Nf5 Ng5 $10) 24. h6 g6 25. Nd5 Qd8 26. b4 $6
(26. Bxc5 bxc5 (26... dxc5 27. Nxb6) 27. f4 Ne6 28. f5 Ng5 29. f6 {/\b4->})
26... axb4 27. cxb4 Nce6 28. b5 $13 (28. f4 c6 $1 29. fxg5 (29. Nxb6 Rxb6 30.
Bxb6 Qxb6 31. fxg5 Qxb4 $17) 29... cxd5 30. Rxd5 Bb7 $1 $17 {Hort}) 28... f5
29. Be3 Bb7 (29... fxe4 $2 30. f4 $1) (29... f4 30. gxf4 exf4 $16 {/^a1-h8
O'Kelly}) 30. exf5 Rxf5 31. f4 exf4 32. gxf4 Bxd5 33. cxd5 (33. Rxd5 Rxf4 34.
Bxf4 Nxf4 35. Rd2 Qf6 $44) 33... Nxf4 34. Bg4 Rf6 $2 $138 (34... Qe7 $1 35.
Rhe1 Re5 $17) (34... Rf7 35. Rhf1 Nfh3 36. Rxf7 Kxf7 37. Qg2 $18 {O'Kelly}) 35.
Bd4 $1 $18 Rf7 36. Ba1 Re7 (36... Qe8 37. Qc3 (37. Rhe1 Re7 38. Qc3 (38. Rxe7
Qxe7 39. Qc3 Rf8) 38... Nd3+ $1) 37... Qe5 38. Qxe5 dxe5 39. Bxe5 $18) 37. Bf6
Re2 38. Bxd8 Rxc2+ 39. Kxc2 Rxd8 40. Rhe1 Nf7 41. Re7 Nxh6 (41... Ne5 42. Be6+
Nxe6 43. dxe6 $18) 42. Be6+ Nxe6 43. dxe6 Nf5 44. Rxc7 $1 Ne3+ 45. Kd2 Nxd1 46.
Kxd1 h5 (46... Ra8 47. a5 Rxa5 48. Rc8+) 47. a5 h4 48. Ke1 Rf8 49. axb6 h3 50.
e7 Rb8 51. Kf2 h2 52. Kg2 Kf7 53. b7 1-0

[Event "Amsterdam VSB"]
[Site "Amsterdam"]
[Date "1993.??.??"]
[Round "3"]
[White "Kramnik, Vladimir"]
[Black "Anand, Viswanathan"]
[Result "1/2-1/2"]
[WhiteElo "2685"]
[BlackElo "2710"]
[Annotator "Ftacnik,L"]
[PlyCount "79"]
[EventDate "1993.05.??"]
[EventType "tourn"]
[EventRounds "6"]
[EventCountry "NED"]
[EventCategory "17"]
[SourceTitle "CBM 035"]
[Source "ChessBase"]
[SourceDate "1993.08.01"]
[SourceVersion "1"]
[SourceVersionDate "1993.08.01"]
[SourceQuality "1"]

1. Nf3 Nf6 2. c4 e6 3. Nc3 Bb4 4. g3 O-O 5. Bg2 b6 6. Qb3 a5 7. Ne5 c6 8. a3
Bxc3 9. Qxc3 Bb7 10. d4 d6 11. Nd3 Qc8 12. c5 bxc5 13. dxc5 d5 14. Bf4 Nbd7 15.
Bd6 Re8 16. O-O Ba6 17. Rfe1 Qb7 18. Ne5 a4 19. Rad1 Nxe5 20. Bxe5 Ng4 (20...
Qe7 $14) 21. Bxg7 e5 22. Bf3 f5 23. Bxg4 d4 24. Qc1 fxg4 25. Bf6 Qf7 26. Qg5+
Qg6 27. Qxg6+ hxg6 28. f4 exf4 29. gxf4 Kf7 30. Be5 (30. Bxd4 Bxe2 31. Rd2 Bf3
$13) 30... Rad8 31. Kf2 g5 $1 32. Kg3 (32. Bxd4 Re4 $1 33. Be5 (33. e3 gxf4)
33... Rxd1 34. Rxd1 Rxe2+ 35. Kg3 Re3+ 36. Kf2 (36. Kxg4 $4 Be2+) 36... Re2+
37. Kg1 gxf4 38. Bxf4 Rxb2 $10) 32... gxf4+ 33. Kxf4 Kg6 34. Bd6 (34. Bxd4 Bxe2
35. Rd2 Bf3 36. Rxe8 Rxe8 37. h3 Re4+ 38. Kg3 Re2 $1 39. Rxe2 Bxe2 40. hxg4 Bc4
$10) 34... Re3 35. Rxd4 (35. Kxg4 Bxe2+) 35... Rde8 36. Rc1 (36. Kxg4 Bxe2+ 37.
Rxe2 (37. Kf4 $2 Rf3+ 38. Kg4 Rd3+ 39. Rxe2 Rxd4+ 40. Kf3 Rd3+ 41. Kf2 Rxe2+
42. Kxe2 Rb3 43. Be5 Kf5 44. Bc3 Ke4 45. h4 Kf4 $17) 37... Rxe2 38. Rxa4 Rxb2
$10) 36... Kh5 37. Rc3 (37. Rxa4 Bxe2 38. Kf5 Rf3+ (38... Bd3+ 39. Kf6 R3e6+
40. Kg7 $13) 39. Rf4 Bd3+ 40. Kf6 Re4 $1 41. Rxf3 gxf3 42. Bg3 f2 43. Bxf2 Rf4+
44. Ke5 Rxf2 45. b4 Rxh2) 37... Rxe2 38. h3 Bc8 39. hxg4+ Bxg4 40. Kg3 1/2-1/2

[Event "Olympiad-31"]
[Site "Moscow"]
[Date "1994.12.09"]
[Round "8.1"]
[White "Ftacnik, Lubomir"]
[Black "Rozentalis, Eduardas"]
[Result "0-1"]
[WhiteElo "2570"]
[BlackElo "2595"]
[Annotator "Ftacnik,L"]
[PlyCount "112"]
[EventDate "1994.12.01"]
[EventType "team-swiss"]
[EventRounds "14"]
[EventCountry "RUS"]
[SourceTitle "CBM 045"]
[Source "ChessBase"]
[SourceDate "1995.04.01"]
[SourceVersion "1"]
[SourceVersionDate "1995.04.01"]
[SourceQuality "1"]
[WhiteTeam "Slovakia"]
[BlackTeam "Lithuania"]
[WhiteTeamCountry "SVK"]
[BlackTeamCountry "LTU"]

1. c4 {Kharitonov Ribli} e6 2. Nf3 Nf6 3. Nc3 Bb4 4. Qc2 O-O 5. a3 Bxc3 6. Qxc3
b6 7. b4 (7. b3 {Kharitonov} Bb7 8. Bb2 d6 9. e3 e5 10. Be2 c5 11. O-O Re8 12.
Rae1 Ne4 13. Qc2 Ng5 14. Qf5 Nxf3+ 15. Bxf3 Bxf3 16. Qxf3 Nd7 17. d4 Qf6 18.
Qxf6 Nxf6 19. dxe5 dxe5 20. Rd1 Kf8 21. f3 Re7 22. Rd2 Rd7 $10 {Kramnik,
V-Kortschnoj,V/WchT-Luzern/1993/}) (7. g3 {Kharitonov} Bb7 8. Bg2 d6 9. O-O
Nbd7 10. b4 Re8 11. Bb2 e5 12. d3 a6 13. Rac1 c5 $10 {Illescas Cordoba,
M-Epishin,V/Dos Hermanas/1994/}) 7... Bb7 8. Bb2 d6 9. e3 (9. g3 $5 {Ribli}) (
9. g3 {Kharitonov} Nbd7 10. Bg2 Ne5 11. O-O Nxf3+ 12. Bxf3 Bxf3 13. exf3 e5 $10
) 9... Nbd7 (9... e5 $6 {Ribli} 10. Be2 Ne4 11. Qc2 Ng5 12. Qf5 Nxf3+ 13. Bxf3
Bxf3 14. Qxf3 $14 {Kortschnoj,V-Dzindzichasvili,R/Chicago/1982/}) 10. Be2 c5 (
10... e5 {Kharitonov} 11. O-O Re8 12. d3 {/\e4+/=/}) 11. O-O Qe7 12. d3 Rac8
13. b5 (13. e4 {Kharitonov} d5 $13) 13... a5 (13... d5 {Ribli} 14. a4 Rfe8 (
14... a5 {Kharitonov} 15. Ne5 $14) 15. Ne5 Nxe5 16. Qxe5 dxc4 17. dxc4 Red8 18.
Rfd1 $14) (13... Rfd8 {Ribli} 14. a4 a5 15. e4 (15. Rfd1 $5) 15... d5 16. exd5
exd5 17. cxd5 c4 18. Rfe1 cxd3 19. Qxd3 Bxd5 20. Nd4 $14 {Hjartarson,
J-Rozentalis,E/Tilburg/1994/CBM44/}) 14. e4 (14. Rfd1 $5 {Ribli}) (14. bxa6 {
Kharitonov} Bxa6 15. a4 Rc7 $13) 14... d5 (14... e5 $6 {Kharitonov} 15. Nd2 {
/\f4+/-/}) 15. exd5 (15. e5 $6 {Kharitonov} Ng4) 15... exd5 16. cxd5 (16. Rae1
$14 {Kharitonov}) 16... Bxd5 (16... Qxe2 $2 17. Rfe1 (17. Rfe1 {Kharitonov}
Nxd5 18. Qxg7#)) (16... c4 17. Nd4 $5 cxd3 18. Qxd3 $14) 17. Rfe1 Rfe8 18. Nd2
(18. Nh4 Qd6 19. Nf5 Qf4 $13) 18... Qd6 19. Bg4 $1 (19. Bf3 {Ribli} Bxf3 20.
Nxf3 Rxe1+ 21. Rxe1 Re8 $13) (19. Nc4 $5 {Kharitonov} Qc7 (19... Qf4 20. Bf1
$14) 20. a4 {/\Bf1+/=^^a1-h8/}) 19... Rcd8 (19... Be6 20. Ne4 Qc7 21. Nxf6+
Nxf6 22. Bxe6 Rxe6 23. Rxe6 fxe6 24. Re1 $14) 20. Nc4 Qc7 (20... Qf4 21. Rxe8+
(21. Bxd7 Rxe1+ 22. Rxe1 Bxc4 (22... Rxd7 {Kharitonov} 23. Nxb6 $18) 23. Qxc4
Qxc4 24. dxc4 Rxd7 25. Kf1 $14) 21... Nxe8 22. Bxd7 Rxd7 23. Nxb6 $16) (20...
Qf8 21. Bf5 $14) (20... Bxc4 {Kharitonov} 21. dxc4 $16) 21. Bxd7 $6 (21. Rxe8+
$1 Nxe8 (21... Rxe8 $2 22. Bxd7 Qxd7 23. Nxb6 $16) 22. Re1 Ndf6 (22... Nef6 23.
Re7 Kf8 24. Re3 $36 (24. Rxd7 Rxd7 25. Bxd7 Bxc4 26. dxc4 Qxd7 27. h3 $14)) 23.
Bh3 $14) (21. Ne3 {Ribli} Be6 22. Bxe6 Rxe6 23. Nd5 Qd6 24. Rxe6 Qxe6 25. Nxf6+
Nxf6 26. Re1 Qd7 $17) (21. a4 $5 {Kharitonov}) 21... Rxd7 22. Ne5 (22. Rxe8+
Nxe8 23. Re1 Be6 $13) 22... Rde7 23. Ng4 Nh5 $3 (23... Rxe1+ 24. Rxe1 Rxe1+ 25.
Qxe1 Nd7 (25... Qf4 $2 26. Qe7 h6 27. Qd8+ $18) 26. Qe7 $16) (23... Qf4 24.
Rxe7 Rxe7 25. Nxf6+ gxf6 26. Qxf6 Qxf6 27. Bxf6 $16) 24. Nh6+ (24. Qxg7+ $2
Nxg7 25. Nf6+ Kf8 $1 (25... Kh8 26. Nxe8 Qd8 27. Bxg7+ (27. Nxg7 Kg8 28. Nh5
$132) 27... Kg8 28. Bf6 (28. Bf6 {Kharitonov} Rxe1+ 29. Rxe1 Qb8 30. Bc3 $36))
26. Nxh7+ Kg8 27. Nf6+ Kh8 28. Nxe8 Rxe8 29. Rxe8+ Kh7 $19) (24. Rxe7 Qxe7 25.
Ne3 Bb7 $15) 24... Kf8 25. Nf5 (25. Rxe7 Qxe7 26. Nf5 Qg5 27. Ng3 Nf4 $17)
25... Rxe1+ 26. Rxe1 Rxe1+ 27. Qxe1 f6 $1 28. Ne3 (28. Bc1 Qd7 29. g4 Be6 $17)
(28. Qd1 {Kharitonov} Nf4 29. Ne3 Qd7 $15 (29... Bxg2 30. Nxg2 Nh3+ 31. Kf1
Qxh2 32. Qg4 $8 Qg1+ 33. Ke2 Qxf2+ 34. Kd1 $13)) 28... Qd7 $6 (28... Ba8 $5 29.
d4 Nf4 $15) 29. Nxd5 (29. Qd1 {Kharitonov} Nf4 30. d4 c4 31. Bc3 Qe6 $17) 29...
Qxd5 30. Qe4 (30. Qd2 $5 {Kharitonov} Qd7 (30... c4 31. g4 Qxd3 32. Qxd3 cxd3
33. Bc1 $18) 31. a4 $13) 30... Qxe4 (30... Qb3 31. g4 $1 Qxb2 32. Qa8+ Ke7 33.
Qb7+ $10) 31. dxe4 Nf4 (31... a4 $6 {Kharitonov} 32. g3) 32. Kf1 (32. a4 $5 Ke7
33. Kf1 Nd3 (33... Kd6 {Ribli} 34. g3 Nd3 35. Bc3 c4 36. Bd4 Nc5 $19 (36... Nc5
{Kharitonov} 37. Ke2 Nxa4 38. f3 Nc5 $17)) 34. Bc3 Kd6 35. Ke2 c4 36. Bd4 Nc5
37. f3 Nxa4 38. Kd2 $13) 32... a4 33. g3 Ne6 34. Ke2 $1 Nc7 35. Kd3 Nxb5 36.
Kc4 Nc7 (36... Nd6+ 37. Kd5 Ke7 38. f4 Kd7 39. e5 fxe5 40. fxe5 Nb5 41. e6+ Ke7
42. Kc6 Nd4+ 43. Kxb6 Nxe6 44. Kb5 $14) 37. e5 $2 (37. g4 $1 Ke7 38. e5 Ke6 39.
exf6 (39. f4 fxe5 40. Bxe5 Nd5 41. Bxg7 Nxf4 42. Kb5 $10) 39... gxf6 40. f4 f5
41. g5 Kd6 42. Be5+ (42. h4 b5+ 43. Kd3 Nd5 $15) 42... Kc6 43. Bxc7 b5+ 44. Kc3
Kxc7 45. h4 Kd7 46. h5 Ke6 47. Kb2 $10) 37... f5 (37... Ke7 {Kharitonov} 38.
exf6+ gxf6 39. g4 $132) 38. e6 Ke7 (38... Nxe6 39. Kb5 Ke7 40. Kxb6 Kd6 41. Kb5
Kd5 42. Kxa4 $13) 39. Be5 (39. Bxg7 Kxe6 $1 (39... b5+ 40. Kxc5 $1 Nxe6+ 41.
Kxb5 Nxg7 42. Kxa4 Kd6 43. Kb4 $132) 40. Bh6 (40. f3 {Ribli} Kd7 41. g4 fxg4
42. fxg4 Kc6 43. h4 b5+ 44. Kd3 Ne6 $19) (40. Bf8 {Kharitonov} Kd7 {/\Kc6,b5-+/
}) 40... Kd6 41. Bf4+ Kc6 42. Bxc7 b5+ 43. Kc3 Kxc7 $19) 39... Ne8 $1 (39...
Nxe6 40. Kb5 g5 41. Kxb6 $10) 40. Kd5 (40. Kb5 Kxe6 (40... Nd6+ {Ribli} 41.
Kxb6 (41. Kxa4 {Kharitonov} g5 42. Bxd6+ Kxd6 43. Kb5 Kxe6 44. a4 Kd6 45. Kxb6
c4 46. a5 c3 47. a6 c2 48. a7 c1=Q 49. a8=Q Qb2+ $19) 41... Nc4+ 42. Kxc5 Nxe5
$19) 41. Ba1 (41. f4 Nd6+ 42. Kxb6 Nc4+ 43. Kxc5 Nxe5 44. fxe5 g5 $19) 41...
Kd5 42. Kxb6 Kc4 (42... g5 43. f3 Nd6 44. Ka5 Nc4+ 45. Kxa4 Nd2 46. f4 gxf4 47.
gxf4 Kc4 $17) 43. Kc6 Kb3 44. Kxc5 Kxa3 45. Kc4 Ka2 46. Be5 a3 $17) 40... Nf6+
41. Kc6 (41. Bxf6+ gxf6 42. f3 Kd8 43. f4 Ke8 $1 44. h3 h5 45. Kc4 Kd8 46. Kb5
Ke7 47. Kxa4 Kxe6 48. Kb5 Kd5 $19) 41... Kxe6 42. Ba1 (42. f4 g5 43. fxg5 Kxe5
44. gxf6 Kxf6 45. Kb5 Ke5 46. Kxa4 Kd4 $19) (42. Bb2 c4 43. Kb5 Kd5) 42... c4 (
42... Nd5 {Kharitonov} 43. Bxg7 c4 44. Kb5 c3 45. Kc4 c2 46. Bb2 $10) 43. Kb5 (
43. Kxb6 c3 44. Kb5 (44. Bxc3 {Ribli} Nd5+ $19) 44... c2 45. Bb2 Ne4 46. Kc4 (
46. f3 Nc3+ 47. Kb4 Ne2 $19) (46. Kxa4 {Kharitonov} Nc5+ 47. Kb4 Nd3+ 48. Kc3
c1=Q+ 49. Bxc1 Nxc1 $19) 46... Nxf2 47. Kc3 Nd1+ $19) 43... Kd5 44. f3 $6 (44.
Kxb6 $5 Ke4 (44... Ne4 45. Bxg7 Nxf2 46. Kb5 Ng4 47. Kxa4 Nxh2 48. Kb5 Nf1 49.
a4 Nxg3 50. a5 Ne4 51. Bf8 c3 52. a6 c2 53. a7 c1=Q 54. a8=Q+ $132) 45. Kb5 (
45. Kc5 {Ribli} Kd3 46. Kb4 c3 47. Bxc3 Nd5+ $19) 45... Kd3 46. Kxa4 c3 47. Kb3
c2 (47... Ne4 48. a4 c2 49. Bb2 Kd2 50. a5 c1=Q 51. Bxc1+ Kxc1 52. Kb4 Nd6 53.
a6 Nc8 54. Kc5 Kd2 55. Kc6 g5 56. Kb7 $10) 48. Bb2 Kd2 49. a4 c1=Q 50. Bxc1+
Kxc1 51. a5 Nd7 52. Kb4 Kd2 53. Kb5 $132) (44. Kxa4 {Kharitonov} Kc5 $19) 44...
h5 45. Kxb6 (45. h4 Ne8 46. Kxb6 g5 $1 47. hxg5 (47. f4 g4 48. Kb5 Nd6+ 49.
Kxa4 Ne4 50. Kb4 Nxg3 51. a4 Ne4 $19) 47... f4 48. gxf4 h4 49. f5 h3 50. f6 Ke6
51. Be5 c3 52. f4 Nxf6 53. gxf6 c2 54. f5+ Kf7 $19) 45... Nd7+ 46. Kb5 (46. Kc7
{Kharitonov} Ne5 47. f4 Nf3 $19) 46... g5 47. Kxa4 (47. Kb4 {Kharitonov} f4 $1
48. gxf4 gxf4 49. Bc3 (49. Kxa4 Ne5 $19) (49. Bg7 Nc5 50. Bh6 Ne6 $19) 49...
Nc5 50. Bd2 Nd3+ 51. Kxa4 (51. Kc3 Kc5 $19) 51... Kd4 52. Kb5 (52. Ba5 Ke3 $19)
52... c3) 47... Ne5 48. f4 (48. Bxe5 Kxe5 49. Kb4 Kd4 50. a4 c3 $19) (48. Kb4
Nxf3 49. a4 Nd4 (49... Nxh2 50. a5 Nf3 51. Kb5) 50. a5 Nc6+ (50... Nc2+ 51. Kb5
$1 Nxa1 $2 52. a6 $18) 51. Kb5 f4 $19 (51... Nxa5 {Kharitonov} 52. Kxa5 f4 $19)
) 48... gxf4 49. gxf4 Nd3 50. Kb5 Nxf4 51. a4 Ne6 52. Kb4 (52. a5 f4 53. Kb6 (
53. a6 {Ribli} Nc7+ 54. Kb6 Nxa6 55. Kxa6 f3 $19) 53... Nc5 $19) 52... f4 53.
Bf6 (53. Kc3 Nc5 54. a5 f3 55. Kd2 Nb3+ $19) 53... f3 54. Bh4 Kd4 55. Be1 Kd3
56. a5 c3 $1 (56... c3 57. Bxc3 (57. Kb3 {Kharitonov} c2 58. Kb2 Ke2 59. Bh4
Kd1 $19) 57... f2 $19) 0-1

[Event "Jermuk FIDE GP"]
[Site "Jermuk"]
[Date "2009.08.20"]
[Round "10"]
[White "Aronian, Levon"]
[Black "Jakovenko, Dmitrij"]
[Result "1-0"]
[WhiteElo "2768"]
[BlackElo "2760"]
[Annotator "Ftacnik,L"]
[PlyCount "101"]
[EventDate "2009.08.09"]
[EventType "tourn"]
[EventRounds "13"]
[EventCountry "ARM"]
[EventCategory "19"]
[SourceTitle "CBM 132"]
[Source "ChessBase"]
[SourceDate "2009.09.16"]
[SourceVersion "1"]
[SourceVersionDate "2009.09.16"]
[SourceQuality "1"]

1. c4 Nf6 2. Nc3 c5 3. g3 e6 4. Nf3 b6 5. e4 Bb7 6. Qe2 Nc6 7. Bg2 d6 8. O-O
Be7 9. Rd1 a6 10. d4 cxd4 11. Nxd4 Nxd4 12. Rxd4 Qc7 13. b3 {Due to the
exchange of knights the defensive system for Black is easier. On the other
hand the chances for counterplay have been reduced.} (13. Be3 O-O 14. Rc1 Rac8
15. b3 Qb8 16. Rc2 Rfe8 17. Rd1 Nd7 18. Bc1 Bc6 19. Bb2 b5 20. cxb5 axb5 21.
Rdc1 $11 {1-0 Donchev,D (2455)-Jansa,V (2445)/Bratislava 1983 (81)}) 13... O-O
{The immediate counterplay is suffering from the basic flaw of imperfect
timing. It is much easier to organise the counterplay, when the black king has
already been brought into safety.} (13... b5 14. Bb2 e5 15. Rdd1 bxc4 (15... b4
16. Nd5 Bxd5 17. cxd5 O-O 18. Rdc1 Qb7 19. Bh3 Ne8 20. Rc6 {1-0 Savon,V (2427)
-Andreev,E (2365)/Kharkov 1999 (37)}) 16. Rac1 O-O 17. Na4 Rac8 18. Rxc4 Qb8
19. Nb6 Rcd8 20. Nd5 Nxd5 21. exd5 f5 $11 {0-1 Rivas Pastor,M (2500)-Short,N 
(2500)/Plovdiv 1984 (46)}) 14. Ba3 (14. Bb2 Rfd8 15. h3 Rac8 16. Kh2 Bc6 17.
Re1 Bf8 18. f4 Nd7 19. Red1 Nc5 20. R1d2 Re8 21. Rd1 {1/2-1/2 Lukov,V (2395)
-Velikov,P (2460)/Sofia 1981}) 14... Rfd8 {The blow ...b6-b5 is hanging in the
air, but the choice of the most suitable moment is exceptionally hard for the
defender.} (14... b5 15. Qd2 bxc4 $2 (15... e5 16. Bxd6 Bxd6 17. Rxd6 bxc4 18.
bxc4 (18. b4 Rfd8 19. Rd1 Qxd6 20. Qxd6 Rxd6 21. Rxd6 Kf8 $11) 18... Qxc4 $14)
16. Rxc4 Qa5 17. Bb4 Qd8 18. e5 Nd5 19. Bxd5 exd5 20. Nxd5 Bg5 21. f4 dxe5 22.
Bxf8 exf4 23. Be7 Bxe7 24. Nxe7+ Qxe7 25. Re1 {1-0 Tal,M (2600)-Foisor,O (2440)
/Tbilisi 1986 (27)}) 15. Rad1 b5 16. Bb4 bxc4 $2 {Exchange of the pawns on c4
in the situation, when White can recapture with the help of the rook is always
problematic.} (16... e5 17. R4d2 bxc4 18. Qxc4 Qxc4 19. bxc4 Rac8 20. Bxd6 Rxd6
21. Rxd6 Bxd6 22. Rxd6 Kf8 23. Bf1 Nxe4 24. Nxe4 Bxe4 25. Rxa6 $14) 17. Rxc4
Qb6 (17... Qb8 18. e5 Ne8 19. Ne4 Bd5 20. Ba5 Bxc4 21. bxc4 dxe5 22. Bxd8 Bxd8
23. Nd6 Nxd6 24. Bxa8 $16) 18. e5 Ne8 (18... Nd5 19. Bxd5 exd5 20. Nxd5 Bxd5
21. Rxd5 $16) 19. Be4 $2 {Move number 19 would most likely be gladly
eradicated by both players. Both display a case of chess blindness, such as
ocasionally afflicts even the most gifted grandmasters.} (19. exd6 Bxd6 20.
Rxd6 $1 Nxd6 (20... Rxd6 21. Bc5 Qd8 22. Bxb7 $18) 21. Bc5 Qc7 22. Bxd6 Qxd6
23. Bxb7 $18) 19... Bf8 $2 (19... Rac8 20. Rxc8 Bxc8 $14) 20. exd6 Bxe4 21.
Qxe4 {Aronian is a very pleasant man and his nature probably prevents him from
being blatantl forceful in excellent positions. The chosen move once again
throws a huge part of the advantage to the wind.} (21. Bc5 $1 Qb8 22. Nxe4 Bxd6
(22... Nxd6 23. Rcd4 Nb7 24. Rxd8 Nxd8 25. Bxf8 Kxf8 26. Nc5 $16) 23. Nxd6 Nxd6
24. Rcd4 Nb7 25. Rxd8+ Nxd8 26. Qf3 $16) (21. Nxe4 Bxd6 22. Nxd6 Nxd6 23. Bc5
Qb8 24. Rcd4 Nb7 25. Rxd8+ Nxd8 26. Qf3 $16) 21... Bxd6 22. Na4 Qa7 (22... Qb8
23. Rcd4 Bc7 24. Rxd8 Bxd8 25. Qf3 $16) 23. Rcd4 Be7 $6 (23... Nf6 $1 24. Qf3
Nd5 25. Bxd6 Rxd6 26. Nc3 Nxc3 27. Rxd6 Nxd1 28. Qxd1 Qe7 29. Qf3 Qe8 $14) 24.
Bc5 $6 (24. Rxd8 Bxd8 (24... Rxd8 25. Rxd8 Bxd8 26. Qc6 Nf6 27. Qd6 $18) 25.
Qc6 Nf6 26. Bd6 $16) 24... Rxd4 $6 {In the era of computers it is not such a
big problem to discover second rate decisions of great players, especially in
tactical play. It may seem, as if both players occasionally make their choices
based on feelings, rather than on exact logic of chess variations.} (24... Qc7
25. Rxd8 Rxd8 26. Rxd8 Bxd8 27. Qa8 Qd7 28. Bb6 Be7 29. Nb2 Qb5 30. Nc4 $14)
25. Bxd4 Qb8 26. Be5 Nf6 (26... Bd6 $2 27. Bxd6 Nxd6 28. Rxd6 $18) 27. Bxf6
Bxf6 (27... gxf6 28. Nb6 Ra7 29. Qd4 Qc7 30. Nc8 $16) 28. Nb6 Ra7 29. Nd7 Qc7 (
29... Qd8 30. Nxf6+ Qxf6 31. Qb4 Ra8 32. Qb7 Rf8 33. Qxa6 $16) 30. Nxf6+ gxf6 {
The vagaries of the pure middlegame are over. Black has managed to avert
catastrophe, but his position remains rather vulnerable.} 31. Qg4+ Kh8 (31...
Kf8 32. Qh4 Kg7 33. Rd4 $16) 32. Rd4 Qe7 33. Qd1 f5 $6 (33... Ra8 34. Qf3 Ra7
35. Qd3 $16) 34. Rd8+ Kg7 35. Qd4+ e5 {The weakening of Black's pawn structure
is a great triumph of the attacking forces.} (35... f6 36. Re8 $1 Qd7 37. Qxd7+
Rxd7 38. Rxe6 $16) 36. Qd5 Rc7 (36... h6 37. b4 Rb7 38. a3 $16) 37. Qa8 f4 (
37... Qf6 38. Rg8+ Kh6 39. h4 $1 Qd6 40. Rg5 f6 41. Qg8 Qe7 42. Rxf5 $18) 38.
Kg2 $2 {In time trouble players will exchange a pair of very weak moves. The
opponents are somehow keeping in close contact with the help of blocks of
strong and weak moves, engaging in some hidden code of showing mutual respect.
(RR: Only Jakovenko was in time trouble)} (38. Rg8+ $1 Kf6 (38... Kh6 39. Qf3
f5 40. gxf4 $18) 39. Qxa6+ Qe6 40. Qxe6+ fxe6 41. Rb8 $18) 38... a5 $2 (38...
Qf6 $1 39. Rg8+ Kh6 40. f3 Qd6 41. g4 f5 42. gxf5 Rc2+ 43. Kh3 Qf6 $11) 39.
Rg8+ Kf6 (39... Kh6 40. Qf3 f5 41. gxf4 $18) 40. Qxa5 fxg3 (40... Rc2 41. gxf4
Qb7+ 42. Kg3 exf4+ 43. Kh4 $18) 41. Qb6+ Kf5 42. hxg3 {The position has
stabilised again, but the black king has found itself in a wrong spot in the
position, where there is still fighting going on between the major pieces.} Qc5
(42... Rc3 43. Qh6 Qb7+ 44. Kh2 Qf3 45. Rg5+ Ke4 46. Qxh7+ Kd4 47. Rf5 $18) 43.
g4+ Ke4 (43... Kf4 44. Qf6+ Ke4 45. Rd8 $18) 44. Qf6 Kd3 45. Rd8+ Kc2 {The
chances for survival in the heart of enemy camp are nearly always rather
negligible.} (45... Kc3 46. Qf3+ Kb4 47. Rd5 Qc3 48. Qxc3+ Kxc3 49. Rxe5 $18)
46. Qf3 Qc6 47. Rd5 f6 (47... Kb1 48. b4 Kxa2 49. b5 $18) 48. b4 Qc4 49. Qd1+
Kb2 50. Rd3 Kxa2 51. Qe2+ (51. Qe2+ Qc2 52. Rd2 $19) 1-0